|
|
|
|
| LEADER |
00000cam a2200000 7i4500 |
| 001 |
0000004997 |
| 005 |
20151222.0 |
| 008 |
070704 |
| 020 |
|
|
|a 9833351123(set)
|
| 020 |
|
|
|a 9833351174
|
| 090 |
0 |
0 |
|a JF
|b REG MAL (6078)
|
| 100 |
0 |
|
|a Nur Muwaddah Shafie
|
| 245 |
1 |
0 |
|a Balasan anak yang baik
|c Nur Muwaddah Shafie
|
| 260 |
|
|
|a Kuala Lumpur :
|b Penerbit Tulus Ilmu ,
|c 2005
|
| 440 |
|
0 |
|a Siri asuhan pekerti mulia
|
| 500 |
|
|
|a Children ages 7-9 years old (orange)
|
| 650 |
|
0 |
|a Junior fiction
|x Malay
|x Languages
|
| 650 |
|
0 |
|a Malay fiction
|
| 999 |
|
|
|a 0000950780
|b Book
|c Children Collection
|e Cawangan Bukit Gambir
|
| 999 |
|
|
|a 0000950783
|b Book
|c Children Collection
|e Cawangan Mersing
|
| 999 |
|
|
|a 0000977476
|b Book
|c Children Collection
|e Cawangan Segamat
|
| 999 |
|
|
|a 0000977477
|b Book
|c Children Collection
|e Cawangan Bukit Gambir
|
| 999 |
|
|
|a 0000977478
|b Book
|c Children Collection
|e Perbadanan Perpustakaan Awam Johor
|
| 999 |
|
|
|a 0000977479
|b Book
|c Children Collection
|e Perbadanan Perpustakaan Awam Johor
|
| 999 |
|
|
|a 0000983606
|b Book
|c Children Collection
|e Cawangan Taman Universiti
|
| 999 |
|
|
|a 0000983607
|b Book
|c Children Collection
|e Cawangan Taman Universiti
|
| 999 |
|
|
|a 0001050822
|b Book
|c Children Collection
|e Cawangan Segamat
|